Statistics for Lilo and Stitch Ultimate Quiz

Click here to take the quiz!

General Stats

  • This quiz has been taken 450 times
    (449 since last reset)
  • The average score is 9 of 26

Answer Stats

HintAnswer% Correct
Stitch is also known asExperiment 626
89%
What singer is Lilo obsessed withelvis presley
65%
"So why don't you sell me and by a ____instead" (Lilo)rabbit
56%
What was written on Mr.Bubbles knucklescobra
49%
What did Nani call the social worker when she kicked his carstupid head
49%
"Oh no _____ is increasing on me" (Nani)gravity
44%
What book does stitch readthe ugly duckling
43%
What killed Nani and Lilo's parentscar crash
42%
"Its ______ day, every thursday i take pudge the fish....." (Lilo)sandwich
40%
What beverage did Nani offer the social workerlemonade
39%
What pet did lilo suggest to buy at the pet storea lobster
36%
Where did Lilo hide when the social worker leftwashing machine
36%
Who said "I prefer to be called evil genius"Jumba
33%
What did the fat guy on the beach never get to eathis ice cream
32%
How much was the license fee to buy stitchTwo dollars
32%
What color police cruiser did stitch stealThe red one
28%
What disney poster is hanging in Nani's roommulan
27%
How does Lilo get "disciplined"bricks
25%
"You don't look like a social worker..... Did you ever____ ____"kill anyone
20%
Who did Lilo get in a fight withmertle
20%
What reason did Nani give Lilo for being firedHe was a vampire
19%
"He used to be a _____ before he got ran over" (Lilio)collie
17%
What clogged the plasma canona carrot
16%
How many days did Nani have to change the social worker's mindThree days
16%
What did the sign say on Lilo's room doorkapu
14%
Name one of Stitch's destructive programmingReversing street signs
4%

Score Distribution

Percentile by Number Answered

Percent of People with Each Score

Your Score History

You have not taken this quiz since the last reset